Statistics for Every EA Sports FIFA 22 Ultimate Team Promo (by Card Design)

Click here to take the quiz!

General Stats

  • This quiz has been taken 288 times
  • The average score is 12 of 22

Answer Stats

Answer% Correct
Team of the Week
98%
FUT Heroes
91%
Ones to Watch
79%
Team of the Year
68%
La Liga Team of the Season
65%
FUTTIES Winner
59%
UCL Road to the Knockouts
59%
Future Stars
55%
FUT Birthday
53%
UCL Road to the Final
51%
Shapeshifters
50%
Rulebreakers
49%
Adidas NumbersUp
48%
Winter Wildcards
46%
Versus Fire
44%
Versus Ice
44%
FUT Captains
36%
TOTY Honourable Mentions
36%
Headliners
34%
Fantasy FUT
32%
UCL Team of the Group Stage
32%
Signature Signings
21%

Score Distribution

Percentile by Number Answered

Percent of People with Each Score

Your Score History

You have not taken this quiz